00357nam a2200133Ia 4500008004100000041000800041082001400049100002000063245002500083260004100108300001700149365001200166520004500178240719s9999 xx 000 0 und d aeng a613.2 CHE a Cheung Theresa aThe Lemon Juice Diet aNew YorkbSt. Martin's Griffinc2009 a210.;P 20 Cm cb14.99 aGifted By : IMT Faculty Dr.senthil kumar